[Event "Tamil Nadu IM 6th"]
[Site "Chennai"]
[Date "2023.11.23"]
[Round "8"]
[White "Arnav, Maheshwari"]
[Black "Fedorov, Alexei"]
[Result "0-1"]
[WhiteElo "2244"]
[BlackElo "2447"]
[PlyCount "62"]
[EventDate "2023.11.19"]
[EventType "tourn"]
[EventRounds "9"]
[EventCountry "IND"]
[EventCategory "1"]
[SourceTitle "CB48_2023"]
[SourceDate "2023.11.29"]
[SourceVersion "1"]
[SourceVersionDate "2023.11.29"]
[SourceQuality "1"]

1. d4 Nf6 2. c4 g6 3. g3 c5 4. d5 b5 5. cxb5 a6 6. bxa6 d6 7. Bg2 Bg7 8. Nc3 0-0 9. Nf3 Nxa6 10. 0-0 Bf5 11. Nd2 Nb4 12. e4 Bg4 13. Nf3 Qb6 14. a3 Na6 15. Qc2 Rfb8 16. Nd2 Nb4 17. Qb1 Qa6 18. Re1 Nd3 19. Bf1 c4 20. Bxd3 cxd3 21. b4 Rc8 22. Bb2 Nd7 23. h3 Bxh3 24. b5 Qa5 25. Nb3 Qb6 26. Rc1 Ne5 27. Nd1 Nf3+ 28. Kh1 Bxb2 29. Qxb2 Qxb5 30. Nc3 Qd7 31. Nd2 Bf1 0-1

[Event "Tamil Nadu IM 6th"]
[Site "Chennai"]
[Date "2023.11.22"]
[Round "6"]
[White "Arnav, Maheshwari"]
[Black "Gochelashvili, David"]
[Result "0-1"]
[WhiteElo "2244"]
[BlackElo "2304"]
[PlyCount "124"]
[EventDate "2023.11.19"]
[EventType "tourn"]
[EventRounds "9"]
[EventCountry "IND"]
[EventCategory "1"]
[SourceTitle "CB48_2023"]
[SourceDate "2023.11.29"]
[SourceVersion "1"]
[SourceVersionDate "2023.11.29"]
[SourceQuality "1"]

1. d4 Nf6 2. c4 c5 3. d5 b5 4. Qc2 bxc4 5. e4 d6 6. Bxc4 g6 7. Nf3 Bg7 8. 0-0 0-0 9. h3 Nbd7 10. Nbd2 Nb6 11. Re1 a5 12. Rb1 Nxc4 13. Nxc4 e6 14. dxe6 Bxe6 15. Bg5 h6 16. Bh4 Qb8 17. b3 d5 18. Bxf6 Bxf6 19. Ncd2 Qb4 20. Rbc1 Rfc8 21. exd5 Bxd5 22. Ne4 Bg7 23. Rcd1 Bc6 24. Nfd2 Rd8 25. Nc4 Rxd1 26. Rxd1 a4 27. Ned6 Bd4 28. Rb1 axb3 29. axb3 Rd8 30. Qe2 Qb8 31. b4 Rxd6 32. Nxd6 Qxd6 33. bxc5 Qg3 34. Qf1 Qg5 35. Rb8+ Kg7 36. Rb3 h5 37. Ra3 h4 38. Ra2 Qf4 39. Kh1 Bxc5 40. Rc2 Bd6 41. Qg1 Bd5 42. Rc3 g5 43. Rd3 Be4 44. Rd4 Qe5 45. Ra4 Qf5 46. Rxe4 Qxe4 47. Qc1 Qf4 48. Qa1+ Be5 49. Qg1 Bd4 50. Qd1 Qxf2 51. Kh2 Be5+ 52. Kh1 Qd4 53. Qb1 Qa1 54. Qxa1 Bxa1 55. Kg1 Kf6 56. Kh1 Kf5 57. Kh2 Kf4 58. Kg1 Kg3 59. Kh1 g4 60. hxg4 Kxg4 61. Kh2 Bb2 62. Kg1 h3 0-1

[Event "Tamil Nadu IM 5th"]
[Site "Chennai"]
[Date "2023.11.15"]
[Round "6"]
[White "Arnav, Maheshwari"]
[Black "Laddha, Yash Jayesh"]
[Result "1-0"]
[WhiteElo "2244"]
[BlackElo "2171"]
[PlyCount "113"]
[EventDate "2023.11.12"]
[EventType "tourn"]
[EventRounds "9"]
[EventCountry "IND"]
[EventCategory "1"]
[SourceTitle "CB48_2023"]
[SourceDate "2023.11.29"]
[SourceVersion "1"]
[SourceVersionDate "2023.11.29"]
[SourceQuality "1"]

1. d4 d5 2. c4 c6 3. Nf3 Nf6 4. Qb3 dxc4 5. Qxc4 Bf5 6. g3 e6 7. Bg2 Be7 8. 0-0 Ne4 9. Nbd2 Nd7 10. e3 0-0 11. Qe2 Ndf6 12. Nc4 h6 13. Ne1 Bh7 14. Nc2 c5 15. Rd1 Qc7 16. f3 Nd6 17. e4 cxd4 18. Nxd6 Bxd6 19. Nxd4 Rfd8 20. Be3 Bc5 21. Nb3 Bxe3+ 22. Qxe3 Qc2 23. Rxd8+ Rxd8 24. Qxa7 Qxb2 25. Qxb7 g5 26. g4 Rd2 27. Qa8+ Kg7 28. Nxd2 Qxa1+ 29. Nf1 Qd4+ 30. Kh1 Nd7 31. Qa3 Ne5 32. Qe3 Qa1 33. Qe2 Ng6 34. Qd2 Ne5 35. Kg1 Nc4 36. Qc2 Ne3 37. Qe2 Nd1 38. Qd3 Nc3 39. Qd4+ Kg8 40. Kh1 Bg6 41. h3 Qc1 42. a4 Ne2 43. Qf2 Nf4 44. a5 Qa3 45. Qd2 Nd3 46. Qe3 f6 47. Qb6 Nf4 48. a6 Qa2 49. Ne3 Ne2 50. a7 Qa1+ 51. Nf1 Ng3+ 52. Kh2 Nxf1+ 53. Bxf1 Qe5+ 54. Kh1 Bxe4 55. Qb8+ Kg7 56. Qxe5 Bxf3+ 57. Bg2 1-0

[Event "Tamil Nadu IM 5th"]
[Site "Chennai"]
[Date "2023.11.12"]
[Round "1"]
[White "Arnav, Maheshwari"]
[Black "Gochelashvili, David"]
[Result "1-0"]
[WhiteElo "2244"]
[BlackElo "2304"]
[PlyCount "77"]
[EventDate "2023.11.12"]
[EventType "tourn"]
[EventRounds "9"]
[EventCountry "IND"]
[EventCategory "1"]
[SourceTitle "CB48_2023"]
[SourceDate "2023.11.29"]
[SourceVersion "1"]
[SourceVersionDate "2023.11.29"]
[SourceQuality "1"]

1. d4 Nf6 2. c4 g6 3. g3 Bg7 4. Bg2 0-0 5. Nc3 d6 6. Nf3 Nbd7 7. 0-0 e5 8. e4 exd4 9. Nxd4 Re8 10. h3 Nc5 11. Re1 a5 12. Ndb5 Bd7 13. Bf4 Bxb5 14. cxb5 Nfd7 15. Qc2 h5 16. Be3 h4 17. g4 g5 18. Rf1 Be5 19. f4 gxf4 20. Bxf4 Bxf4 21. Rxf4 c6 22. Raf1 Ne5 23. Kh1 Qg5 24. Qe2 Qg7 25. Rf5 Re6 26. Qf2 Rh6 27. Ne2 Rf8 28. b3 Ned3 29. Qe3 cxb5 30. Nd4 Rg6 31. Rh5 Re8 32. Nf5 Qf6 33. Nh6+ Rxh6 34. Rxf6 Rxf6 35. Qg5+ Rg6 36. Qxh4 Rge6 37. g5 Kf8 38. Rh8+ Ke7 39. g6+ 1-0

[Event "Chennai Murali Mohan Memorial 2nd"]
[Site "Chennai"]
[Date "2023.07.15"]
[Round "4"]
[White "Arnav, Maheshwari"]
[Black "Vakeesh, S."]
[Result "1/2-1/2"]
[WhiteElo "1990"]
[BlackElo "1543"]
[PlyCount "65"]
[EventDate "2023.07.15"]
[EventType "swiss (rapid)"]
[EventRounds "9"]
[EventCountry "IND"]
[SourceTitle "CBM 215 Extra"]
[Source "ChessBase"]
[SourceDate "2023.09.30"]
[SourceVersion "1"]
[SourceVersionDate "2023.09.30"]
[SourceQuality "1"]

1. e4 c5 2. Nf3 d6 3. d4 cxd4 4. Nxd4 Nf6 5. Nc3 a6 6. Bg5 e6 7. f4 Be7 8. Qf3 Qc7 9. 0-0-0 Nbd7 10. g4 b5 11. Bxf6 Nxf6 12. Bd3 Bb7 13. h4 b4 14. Nce2 Nd7 15. g5 g6 16. h5 0-0-0 17. Qg4 Kb8 18. Nb3 Nc5 19. Ng3 a5 20. Kb1 a4 21. Nd4 Qb6 22. Nde2 d5 23. e5 Rc8 24. Nc1 Ka7 25. Rh2 Nxd3 26. Rxd3 Ba6 27. Rd1 Qe3 28. Nf1 Qe4 29. Ng3 Qe3 30. Nf1 Qe4 31. Ng3 Qe3 32. Nf1 Qe4 33. Ng3 1/2-1/2

[Event "Bikaner op 1st"]
[Site "Bikaner"]
[Date "2022.10.01"]
[Round "1"]
[White "Savchenko, Boris"]
[Black "Arnav, Maheshwari"]
[Result "1-0"]
[WhiteElo "2550"]
[BlackElo "2046"]
[PlyCount "57"]
[EventDate "2022.10.01"]
[EventType "swiss"]
[EventRounds "10"]
[EventCountry "IND"]
[SourceTitle "CBM 210 Extra"]
[Source "ChessBase"]
[SourceDate "2022.11.30"]
[SourceVersion "1"]
[SourceVersionDate "2022.11.30"]
[SourceQuality "1"]

1. c4 Nf6 2. g3 c6 3. Bg2 d5 4. Nf3 Nbd7 5. d3 e5 6. 0-0 Bc5 7. cxd5 Nxd5 8. Nc3 Nc7 9. a3 0-0 10. b4 Be7 11. Rb1 Re8 12. Qb3 a5 13. b5 Nc5 14. Qc2 f6 15. bxc6 bxc6 16. Rd1 N5e6 17. Ne4 c5 18. Ned2 Bd7 19. Nc4 Bc6 20. Bd2 a4 21. Ba5 Kf8 22. d4 exd4 23. Qxh7 Bd5 24. Nfe5 fxe5 25. Qh8+ Kf7 26. Nxe5+ Kf6 27. Qh5 Bd6 28. Qf7+ Kxe5 29. f4+ 1-0

[Event "Raipur Chhattisgarh"]
[Site "Raipur"]
[Date "2022.09.24"]
[Round "6"]
[White "Masango, Spencer"]
[Black "Arnav, Maheshwari"]
[Result "1-0"]
[WhiteElo "2192"]
[BlackElo "2038"]
[PlyCount "105"]
[EventDate "2022.09.19"]
[EventType "swiss"]
[EventRounds "10"]
[EventCountry "IND"]
[SourceTitle "CBM 210 Extra"]
[Source "ChessBase"]
[SourceDate "2022.11.30"]
[SourceVersion "1"]
[SourceVersionDate "2022.11.30"]
[SourceQuality "1"]

1. Nf3 Nf6 2. g3 g6 3. Bg2 Bg7 4. 0-0 0-0 5. c4 c6 6. d4 d5 7. cxd5 cxd5 8. Nc3 Nc6 9. Ne5 Ng4 10. Nxc6 bxc6 11. Na4 Nh6 12. Bxh6 Bxh6 13. e3 Bg7 14. Rc1 Bd7 15. f4 f6 16. Nc5 Rb8 17. Rf2 e5 18. dxe5 fxe5 19. Bxd5+ cxd5 20. Qxd5+ Rf7 21. Rd1 Qe8 22. Nxd7 Rd8 23. Rfd2 Rdxd7 24. Qc6 exf4 25. Rxd7 Qxe3+ 26. Kf1 Rf6 27. Qd5+ Re6 28. Rd8+ Kf7 29. Qxe6+ Qxe6 30. R1d7+ Kf6 31. Rd6 fxg3 32. hxg3 h5 33. b4 g5 34. b5 h4 35. g4 Ke7 36. Rxe6+ Kxe6 37. a4 Bf6 38. Ra8 Bd4 39. a5 Kd7 40. Rg8 Bc3 41. Rxg5 Bxa5 42. Rg7+ Kd6 43. Rxa7 Bb4 44. g5 h3 45. Rh7 Kc5 46. g6 Bc3 47. Rc7+ Kxb5 48. Rxc3 h2 49. Kg2 h1N 50. g7 Kb4 51. Rc7 Ng3 52. g8Q Nf5 53. Qb8+ 1-0

[Event "Raipur Chhattisgarh"]
[Site "Raipur"]
[Date "2022.09.20"]
[Round "2"]
[White "Viani, Antonio Dcunha"]
[Black "Arnav, Maheshwari"]
[Result "1-0"]
[WhiteElo "2348"]
[BlackElo "2038"]
[PlyCount "119"]
[EventDate "2022.09.19"]
[EventType "swiss"]
[EventRounds "10"]
[EventCountry "IND"]
[SourceTitle "CBM 210 Extra"]
[Source "ChessBase"]
[SourceDate "2022.11.30"]
[SourceVersion "1"]
[SourceVersionDate "2022.11.30"]
[SourceQuality "1"]

1. d4 Nf6 2. c4 e6 3. Nc3 Bb4 4. Qc2 d5 5. a3 Bxc3+ 6. Qxc3 0-0 7. Bg5 c6 8. Nf3 Ne4 9. Bxd8 Nxc3 10. Bc7 Ne4 11. e3 Na6 12. Bf4 Rd8 13. b4 f6 14. b5 Nb8 15. Bd3 Nd6 16. cxd5 exd5 17. bxc6 Nxc6 18. Bxd6 Rxd6 19. Ke2 Be6 20. Rhc1 g6 21. Nd2 Re8 22. Nb3 b6 23. Rc3 Bd7 24. Rac1 Kf8 25. Kd2 Ke7 26. h4 Rb8 27. h5 Kf7 28. hxg6+ hxg6 29. R1c2 Kg7 30. Bb5 Rc8 31. Nc1 Kf7 32. Nd3 g5 33. Rc1 a5 34. Nb2 Ke7 35. Rh1 Bf5 36. Rhc1 Bd7 37. Rh1 Bf5 38. Bd3 Bxd3 39. Nxd3 Ke6 40. g4 Ne7 41. Rxc8 Nxc8 42. f4 gxf4 43. exf4 Rc6 44. f5+ Kf7 45. Nf4 Nd6 46. Nxd5 Nb5 47. Kd3 Rd6 48. Ke4 Nxa3 49. Rh7+ Kg8 50. Rh6 Nb5 51. Nxf6+ Kg7 52. g5 Rxd4+ 53. Ke5 Rd1 54. Rh7+ Kf8 55. Rh8+ Ke7 56. Re8+ Kf7 57. g6+ Kg7 58. Re7+ Kh6 59. Rh7+ Kg5 60. Rh5# 1-0

[Event "Raipur Chhattisgarh"]
[Site "Raipur"]
[Date "2022.09.19"]
[Round "1"]
[White "Arnav, Maheshwari"]
[Black "Subhayan, Kundu"]
[Result "1/2-1/2"]
[WhiteElo "2038"]
[BlackElo "2327"]
[PlyCount "101"]
[EventDate "2022.09.19"]
[EventType "swiss"]
[EventRounds "10"]
[EventCountry "IND"]
[SourceTitle "CBM 210 Extra"]
[Source "ChessBase"]
[SourceDate "2022.11.30"]
[SourceVersion "1"]
[SourceVersionDate "2022.11.30"]
[SourceQuality "1"]

1. d4 Nf6 2. Bg5 d5 3. Bxf6 exf6 4. e3 Bd6 5. Bd3 c6 6. Ne2 0-0 7. Nd2 Re8 8. 0-0 f5 9. c4 dxc4 10. Bxc4 Nd7 11. Nf3 h6 12. Rc1 Qe7 13. Ng3 g6 14. Ne2 Nf6 15. Nf4 Kg7 16. Nd3 Ne4 17. Nde5 Rf8 18. Bb3 f6 19. Nd3 Bd7 20. Nc5 Bc8 21. Qc2 Ng5 22. Nd2 b6 23. Nd3 Bb7 24. Rfe1 Rac8 25. Nf1 c5 26. dxc5 Bxg2 27. f4 Bb7 28. fxg5 Qe4 29. gxh6+ Kxh6 30. Red1 f4 31. Qd2 bxc5 32. Ne1 Qh1+ 33. Kf2 Be5 34. Bd5 Bxd5 35. Qxd5 fxe3+ 36. Ke2 Qg1 37. Qg2 Qxg2+ 38. Nxg2 Bxb2 39. Rc2 Bd4 40. Nfxe3 f5 41. Kf3 Rce8 42. h4 Re4 43. Nd5 Rd8 44. Nc3 Re6 45. Nb5 Ra6 46. Nf4 Ra5 47. Ne6 Re8 48. Nexd4 cxd4 49. Nxd4 Re4 50. Nb3 Raa4 51. Rd8 1/2-1/2

[Event "Guwahati op 1st"]
[Site "Guwahati"]
[Date "2022.03.20"]
[Round "10"]
[White "Arnav, Maheshwari"]
[Black "Gusain, Himal"]
[Result "1/2-1/2"]
[WhiteElo "2010"]
[BlackElo "2408"]
[PlyCount "96"]
[EventDate "2022.03.14"]
[EventType "swiss"]
[EventRounds "10"]
[EventCountry "IND"]
[SourceTitle "CBM 207 Extra"]
[Source "ChessBase"]
[SourceDate "2022.05.31"]
[SourceVersion "1"]
[SourceVersionDate "2022.05.31"]
[SourceQuality "1"]

1. d4 d5 2. c4 e6 3. g3 dxc4 4. Bg2 c6 5. Nf3 b5 6. a4 Bb7 7. 0-0 Nd7 8. Qc2 Ngf6 9. e4 Be7 10. Nc3 a6 11. Ng5 h6 12. Nxe6 fxe6 13. e5 Nd5 14. Qg6+ Kf8 15. Nxd5 cxd5 16. Qxe6 Nb6 17. a5 Na4 18. Qf5+ Ke8 19. Bh3 Bc8 20. e6 Qd6 21. Qf7+ Kd8 22. Qxg7 Rf8 23. Qxh6 Kc7 24. Qe3 Rh8 25. Bf5 Bb7 26. b3 Raf8 27. Qf3 Rxf5 28. Qxf5 Rf8 29. Qc2 Qxe6 30. bxa4 b4 31. Qh7 Rf7 32. Qh6 Qxh6 33. Bxh6 c3 34. Rfb1 Bc8 35. Rb3 Bf5 36. Bf4+ Kd7 37. Re1 Bc2 38. Rxe7+ Rxe7 39. Rxb4 Re1+ 40. Kg2 Be4+ 41. Kh3 Bf5+ 42. Kh4 Re4 43. Rb7+ Kd8 44. Rb8+ Kd7 45. Rb7+ Kd8 46. Rb8+ Kd7 47. Rb3 c2 48. Rc3 Rxd4 1/2-1/2

[Event "Guwahati op 1st"]
[Site "Guwahati"]
[Date "2022.03.19"]
[Round "9"]
[White "Karthik, Venkataraman"]
[Black "Arnav, Maheshwari"]
[Result "1-0"]
[WhiteElo "2485"]
[BlackElo "2010"]
[PlyCount "59"]
[EventDate "2022.03.14"]
[EventType "swiss"]
[EventRounds "10"]
[EventCountry "IND"]
[SourceTitle "CBM 207 Extra"]
[Source "ChessBase"]
[SourceDate "2022.05.31"]
[SourceVersion "1"]
[SourceVersionDate "2022.05.31"]
[SourceQuality "1"]

1. Nf3 d5 2. e3 Nf6 3. c4 c6 4. Nc3 e6 5. Qc2 Nbd7 6. d4 Bd6 7. Bd3 dxc4 8. Bxc4 0-0 9. 0-0 e5 10. h3 Qe7 11. a3 a6 12. Ba2 c5 13. Ng5 exd4 14. Nd5 Qd8 15. exd4 cxd4 16. Rd1 h6 17. Rxd4 hxg5 18. Bxg5 Re8 19. Nxf6+ Nxf6 20. Qd2 Qc7 21. Bxf6 Bh2+ 22. Kh1 gxf6 23. Rc1 Qe5 24. f4 Qh5 25. Rc3 Bf5 26. Kxh2 Re2 27. Qd1 Rae8 28. Bc4 Kh7 29. Bxe2 Rxe2 30. Rd2 1-0

[Event "Madurai Athens of the East op 1st"]
[Site "Madurai"]
[Date "2019.08.13"]
[Round "4"]
[White "Harshavardhan, GB."]
[Black "Arnav, Maheshwari"]
[Result "0-1"]
[WhiteElo "2391"]
[BlackElo "1966"]
[PlyCount "54"]
[EventDate "2019.08.11"]
[EventType "swiss"]
[EventRounds "10"]
[EventCountry "IND"]
[SourceTitle "CBM 191 Extra"]
[Source "ChessBase"]
[SourceDate "2019.09.30"]
[SourceVersion "1"]
[SourceVersionDate "2019.09.30"]
[SourceQuality "1"]

1. d4 Nf6 2. c4 b6 3. Nc3 Bb7 4. Qc2 d5 5. Bg5 dxc4 6. 0-0-0 Nd5 7. e4 Nxc3 8. bxc3 b5 9. Qb1 Qd6 10. Bxc4 a6 11. Bd3 c5 12. d5 g6 13. f4 c4 14. Bc2 h6 15. e5 Qa3+ 16. Kd2 hxg5 17. Bxg6 Bxd5 18. Ke2 e6 19. Rxd5 exd5 20. Bxf7+ Kxf7 21. Qf5+ Ke8 22. Qc8+ Ke7 23. f5 Nd7 24. f6+ Nxf6 25. Qxa8 Qb2+ 26. Kf1 Qc1+ 27. Ke2 Qc2+ 0-1

[Event "Sivagangai Tamilnadu op U11 32th"]
[Site "Sivagangai Tamilnadu"]
[Date "2018.07.29"]
[Round "2.6"]
[White "Parth, Bhatnagar"]
[Black "Arnav, Maheshwari"]
[Result "0-1"]
[WhiteElo "1379"]
[BlackElo "1860"]
[PlyCount "92"]
[EventDate "2018.07.28"]
[EventType "swiss"]
[EventRounds "11"]
[EventCountry "IND"]
[SourceTitle "EXT 2024"]
[Source "ChessBase"]
[SourceDate "2023.10.10"]
[SourceVersion "1"]
[SourceVersionDate "2023.10.10"]
[SourceQuality "1"]

1. d4 Nf6 2. c4 e6 3. Nc3 Bb4 4. Qc2 d5 5. cxd5 exd5 6. e3 0-0 7. Nf3 Nbd7 8. Bd3 c5 9. a3 Bxc3+ 10. bxc3 c4 11. Be2 Re8 12. 0-0 Ne4 13. Nd2 Nxd2 14. Bxd2 Nf6 15. f3 Qc7 16. Rfe1 Bd7 17. Bf1 Bc6 18. g3 Re7 19. Bg2 Rae8 20. Re2 Qa5 21. Bc1 Nd7 22. Kf2 Ba4 23. Qd2 f5 24. Bb2 Qb6 25. Rae1 Qg6 26. Bc1 Nb8 27. Qa2 Qf7 28. Kg1 Bc6 29. Qb1 Qg6 30. Bh3 Rf7 31. Bg2 Qf6 32. Bb2 Na6 33. Ba1 Nc7 34. e4 fxe4 35. fxe4 dxe4 36. Qc2 Nb5 37. Bxe4 Bxe4 38. Rxe4 Rxe4 39. Qxe4 Qf2+ 40. Kh1 Nxa3 41. Rg1 Qf3+ 42. Qxf3 Rxf3 43. Kg2 Rd3 44. Rc1 Kf7 45. h4 Rd2+ 46. Kh3 h5 0-1

[Event "Mumbai Wealth op 3rd"]
[Site "Mumbai"]
[Date "2018.01.02"]
[Round "4"]
[White "Aaryan, Varshney"]
[Black "Arnav, Maheshwari"]
[Result "1-0"]
[WhiteElo "2026"]
[BlackElo "1659"]
[PlyCount "191"]
[EventDate "2017.12.30"]
[EventType "swiss"]
[EventRounds "9"]
[EventCountry "IND"]
[SourceTitle "CBM 182 Extra"]
[Source "ChessBase"]
[SourceDate "2018.02.23"]
[SourceVersion "1"]
[SourceVersionDate "2018.02.23"]
[SourceQuality "1"]

1. d4 Nf6 2. Nf3 d5 3. c4 e6 4. Nc3 Bb4 5. Bg5 h6 6. Bxf6 Qxf6 7. e3 0-0 8. Rc1 dxc4 9. Bxc4 c5 10. 0-0 cxd4 11. Nxd4 Rd8 12. Qb3 Ba5 13. Rfd1 Bb6 14. Nce2 Na6 15. Nb5 Nc5 16. Qc2 Bd7 17. b4 Na6 18. Qb3 Bc6 19. Nbd4 Bd5 20. a4 Qe7 21. b5 Nc7 22. Bxd5 Nxd5 23. Nf3 Rac8 24. Ne5 Qg5 25. Nc4 Bc7 26. Ng3 h5 27. Nf1 Qe7 28. a5 Bb8 29. Nb2 Nf6 30. Nd3 Ng4 31. h3 Ne5 32. Nxe5 Bxe5 33. Rxd8+ Rxd8 34. Rc4 Qd7 35. f4 Bf6 36. b6 axb6 37. Qxb6 Rc8 38. Nd2 Ra8 39. Nb3 Bd8 40. Qb4 Qd5 41. Rc5 Qd6 42. Qb5 b6 43. Rc6 Qd1+ 44. Kh2 Qe1 45. Rc1 Qxe3 46. Qc6 Qxf4+ 47. Kh1 Rxa5 48. Qe8+ Kh7 49. Qxd8 Ra2 50. Qd3+ g6 51. Qf3 Qxf3 52. gxf3 Ra3 53. Rb1 Ra2 54. Kg1 Ra7 55. Nd4 Rb7 56. Kf2 Kg7 57. Ke3 Kf6 58. Ke4 Kg5 59. Ne2 b5 60. Rb4 Kf6 61. Nd4 Rd7 62. Rxb5 g5 63. Rb8 Kg7 64. Ke3 Ra7 65. Rb5 Kg6 66. Ke4 Ra2 67. f4 gxf4 68. Kxf4 Ra4 69. Ke4 Ra3 70. h4 Rg3 71. Nf3 Rg4+ 72. Ke3 f6 73. Rb8 e5 74. Rg8+ Kh6 75. Ra8 Kg6 76. Ra6 Kf5 77. Rb6 Rf4 78. Rc6 Kg4 79. Ne1 Kg3 80. Rc2 Rxh4 81. Rg2+ Kh3 82. Rg1 Ra4 83. Nc2 Rf4 84. Ke2 Kh2 85. Rg6 Re4+ 86. Ne3 Kh3 87. Rxf6 Kg3 88. Rf3+ Kh4 89. Rf5 Ra4 90. Rxe5 Ra8 91. Rf5 Kg3 92. Rxh5 Kf4 93. Rh4+ Ke5 94. Nc4+ Kf5 95. Kf3 Rf8 96. Rf4+ 1-0